Logo

Description automatically generated
विद्यार्जन
 संसाधन केंद्र, भारतीय प्रौद्योगिकी संस्थान इन्दौर
Learning Resource Center, Indian Institute of Technology Indore

ऑनलाइन सार्वजनिक अभिगम प्रसूची
Online Public Access Catalogue (OPAC)

A first course in machine learning (Record no. 19889)

MARC details
000 -LEADER
fixed length control field 00498nam a2200169Ia 4500
005 - DATE AND TIME OF LATEST TRANSACTION
control field 20260623100726.0
008 - FIXED-LENGTH DATA ELEMENTS--GENERAL INFORMATION
fixed length control field 170106s2012||||xx |||||||||||||| ||und||
020 ## - INTERNATIONAL STANDARD BOOK NUMBER
International Standard Book Number 9781439824146
Qualifying information hb
082 ## - DEWEY DECIMAL CLASSIFICATION NUMBER
Classification number 006.31
Item number ROG
100 ## - MAIN ENTRY--PERSONAL NAME
Personal name Rogers, Simon
245 #2 - TITLE STATEMENT
Title A first course in machine learning
260 ## - PUBLICATION, DISTRIBUTION, ETC.
Place of publication, distribution, etc. Boca Raton
Name of publisher, distributor, etc. CRC Press
Date of publication, distribution, etc. 2012
300 ## - PHYSICAL DESCRIPTION
Extent xx, 285p. ; 24.5 cm.
440 ## - SERIES STATEMENT/ADDED ENTRY--TITLE
Title Chapman & Hall/CRC Machine learning & pattern recognition series
700 ## - ADDED ENTRY--PERSONAL NAME
Personal name Girolami, Mark
942 ## - ADDED ENTRY ELEMENTS (KOHA)
Koha item type Book
Source of classification or shelving scheme Dewey Decimal Classification
Holdings
Withdrawn status Lost status Source of classification or shelving scheme Damaged status Not for loan Home library Current library Shelving location Date acquired Source of acquisition Full call number Barcode Date last seen Price effective from Koha item type Collection code
    Dewey Decimal Classification     LRC, IIT Indore LRC, IIT Indore 3rd Floor - General Stack 06/01/2017 PO No. 129 ; Vendor: Atlantic, New Delhi ; Bill No. 12-01692, dt.30.05.2012; Price: UKP 34.99 006.31 ROG 18991 06/01/2017 06/01/2017 Book  
    Dewey Decimal Classification   Not For Loan LRC, IIT Indore LRC, IIT Indore 2nd Floor - Textbook Reserve 06/01/2017 PO No. 129 ; Vendor: Atlantic, New Delhi ; Bill No. 12-02383, dt. 23.06.2012; Price: UKP 34.99 006.31 ROG 19889 06/01/2017 06/01/2017 Text/Reserve Book Text/Reserve Book
Copyright © 2017-2026 Indian Institute of Technology Indore. All Rights Reserved.
Managed & maintained by Learning Resource Center, IIT Indore